Používáme futures k vysněnému bohatství

Cieľom racionálne uvažujúcich investorov je dosiahnuť čo najvyššie zhodnotenie svojich prostriedkov pri čo najnižšom riziku. Preto neustále hľadajú nové produkty a stratégie. Jedným z nových produktov sú futurity.

Gespeichert in:
Bibliographische Detailangaben
1. Verfasser: Tomčiak, Boris
Format: Buchkapitel
Sprache:Tschechisch
Schlagworte:
Tags: Tag hinzufügen
Keine Tags, Fügen Sie das erste Tag hinzu!

MARC

LEADER 00000naa$a2200000$$$4500
001 0094724
005 20230804111507.5
041 0 |a cze 
044 |a CZ 
245 1 0 |a Používáme futures k vysněnému bohatství  |c Boris Tomčiak 
520 |a Cieľom racionálne uvažujúcich investorov je dosiahnuť čo najvyššie zhodnotenie svojich prostriedkov pri čo najnižšom riziku. Preto neustále hľadajú nové produkty a stratégie. Jedným z nových produktov sú futurity. 
610 2 0 |a investori 
610 2 0 |a investovanie 
610 2 0 |a futurity 
100 1 |a Tomčiak, Boris